Pojištění a ochrana majetku rozhovor s předsedou sekce pojištění majetku ČAP PhDr. Michaelem Neuwirthem

Predseda sekcie poistenia a ochrany majetku Českej asociácie poisťovní (ČAP) odpovedá na otázky z oblasti poistenia a ochrany majetku .

Salvato in:
Dettagli Bibliografici
Autore principale: Trojanová, Eva
Altri autori: Neuwirth, Michael
Natura: Capitolo di libro
Lingua:ceco
Soggetti:
Tags: Aggiungi Tag
Nessun Tag, puoi essere il primo ad aggiungerne!!

MARC

LEADER 00000naa$a2200000$$$4500
001 0000006
005 20240502123844.5
041 0 |a cze 
044 |a CZ 
245 1 0 |a Pojištění a ochrana majetku  |b rozhovor s předsedou sekce pojištění majetku ČAP PhDr. Michaelem Neuwirthem  |c Aut. interv. Eva Trojanová, účast. interv. Michael Neuwirth 
520 |a Predseda sekcie poistenia a ochrany majetku Českej asociácie poisťovní (ČAP) odpovedá na otázky z oblasti poistenia a ochrany majetku . 
610 2 0 |a poisťovníctvo 
610 2 0 |a ochrana majetku 
610 2 0 |a systémy kvality 
610 2 0 |a bezpečnosť 
610 2 0 |a zariadenia bezpečnostné 
610 2 0 |a poistenie majetku 
100 1 |a Trojanová, Eva 
700 1 |a Neuwirth, Michael